00723nam a2200205 a 450000100100000000500170001000800410002702000150006804000250008308200160010810000350012424500560015926000290021530000280024449000170027250000730028983000240036295201140038699900170050000004249320201002040205.0131204s1973 sp a 001 0 spa d a8430620591 aDO-SdBNPbspacBNPHU axxxxbM149J1 aAguirre, José María96968810aAntonio Machado, poeta Simbolista /cJ. M. Aguirre. aMadrid :bTaurus,c1973. a388 p. :bil. ;c22 cm.1 aPersilesv59 aIncluye referencias bibliográficas y notas al pie de las páginas 0aPersilesn59969689 001050718MOaGRbGRcCTd2013-12-04iLF1l0oxxxx M149Jp42493-10r2020-06-25w2020-06-25y1ZNo se presta c41982d41982